000 01109cam a2200217 4500
001 WB4011-11
008 040318n2004 000 0 eng u
035 _a(Sirsi) u125467
245 _aRemediation of contaminated land consultation
260 _c2004
490 _aDEFRA Consultation Paper
_v17 March 2004 (1)
520 _aDEFRA is consulting on the draft guidance document "Remediation of land affected by contamination - a regulatory summary". The guidance has been developed in response to the Kirby report "Remediation permit - towards a single regeneration licence". The draft guidance aims to improve the understanding of what the different regulatory regimes require in terms of investigative and remedial works. The consultation closes on 16 June 2004. The consultation documents are available at http://www.defra.gov.uk/corporate/consult/land-rem ediation/index.htm.
590 _aWB
590 _aWB
650 _aREMEDIATION
650 _aCONTAMINATED LAND
650 _aCONSULTATION PAPERS
650 _aREGULATORY FRAMEWORK
690 _aENVIRONMENT-CONTAMINATION
942 _n0
999 _c117115
_d117115